000 01160nam a22003137a 4500
001 7297
003 FISKH
005 20250708155734.0
008 250708b cb ||||| |||| 00| 0 eng d
020 _a9780590929783
040 _aFISKH
_beng
_cFISKH
_dFISKH
050 _aPZ10.L967 L
082 _a 582
100 _aLundell, Margo
_d(1942–2020)
245 _aLad, a dog :
_bLad is lost /
_cRetold by Margo Lundell ; Based on the book by Albert Payson Terhune ; Illustrated by Don Bolognese
250 _aThis edition first published in 1997
260 _aNew York :
_bScholastic,
_c1997
300 _a46 pages :
_bcolor illustrations ;
_c23 cm
490 _aHello reader
_vLevel 4
505 _aN
520 _aAfter being separated from his owners and lost in New York City, the beloved collie Lad endures such harrowing experiences as being chased by a police officer, nearly drowning, and being attacked by a vicious dog.
521 8 _a550
_bLexile
521 8 _aN
_bRaz-Plus
650 _2Animals
_a Realistic fiction
650 _2Storybook
_aDogs
700 _aBolognese, Don
_dillustrator
942 _2ddc
_cBK
_n0
999 _c7297
_d7297